| 000 | 02518nam a22003617a 4500 | ||
|---|---|---|---|
| 001 | 102955 | ||
| 003 | KnowledgeUnlatched | ||
| 005 | 20210303105253.0 | ||
| 006 | m o d | ||
| 007 | cr u|||||||||| | ||
| 008 | 210129p20182019hiu o u00| u eng d | ||
| 037 | _5BiblioBoard | ||
| 245 | 0 | 0 |
_aBuddhist and Islamic Orders in Southern Asia _bComparative Perspectives / _cAnne M. Blackburn, R. Michael Feener. |
| 020 | _a9780824882419 | ||
| 029 | 1 | _ahttps://library.biblioboard.com/ext/api/media/2163e68c-90d4-4aca-a7ad-30522d87a848/assets/thumbnail.jpg | |
| 040 |
_aScCtBLL _cScCtBLL |
||
| 506 | 0 |
_aAccess copy available to the general public. _fUnrestricted _2star |
|
| 700 | 1 |
_aBlackburn, Anne M. _eeditor. |
|
| 700 | 1 |
_aFeener, R. Michael _eeditor. |
|
| 264 | 1 | _bUniversity of Hawai'i Press, | |
| 300 | _a1 online resource. | ||
| 520 | _aThis volume aims to foster interaction between scholars in the subfields of Islamic and Buddhist studies by increasing understanding of the circulation and localization of religious texts, institutional models, and ritual practices across Asia and beyond. Buddhist and Islamic Orders in Southern Asia scrutinizes religious orders (here referring to Sufi ?ar?qas and Buddhist monastic and other ritual lineages) that enabled far-flung local communities to be recognized and engaged as part of a broader world of co-religionists, while presenting their traditions and human representatives as attractive and authoritative to new devotees. Contributors to the volume direct their attention toward analogous developments mutually illuminating for both fields of study, drawing readers' attention to the fact that networked persons were not always strongly institutionalized and often moved through Southern Asia and developed local bases without the oversight of complex corporate organizations. | ||
| 588 | 0 | _aDescription based on print version record. | |
| 590 | _aKU Select 2018: HSS Frontlist Books | ||
| 650 | 7 |
_aReligion / Buddhism / General (see Also Philosophy / Buddhist) _2bisacsh |
|
| 650 | 0 | _aReligion | |
| 655 | 0 | _aElectronic books. | |
| 758 |
_iIs found in: _aKnowledge Unlatched _1https://openresearchlibrary.org/module/2774bc74-146a-484f-a7ba-ab1d6a09bbfb |
||
| 856 | 4 | 0 |
_uhttps://openresearchlibrary.org/content/2163e68c-90d4-4aca-a7ad-30522d87a848 _zView this content on Open Research Library. _70 |
| 999 |
_c34038 _d34038 |
||